30 dt. TV - Talkshows ihren Sendern zuordnen - Statistiken

Allgemein
  • Dieses Quiz wurde 77 mal gespielt
  • Das Durchschnittsergebnis liegt bei 21 aus 30
Antwortstatistiken
Talkshow Dauer Sender % Korrekt
Anne Will 16 Jahre ARD
92%
Markus Lanz seit 2008 ZDF
91%
Maischberger seit 2003 ARD
89%
Die Harald Schmidt Show 19 Jahre ARD | Sat 1 | Sky
89%
Stern TV seit 1990 RTL
89%
Hart aber fair seit 2001 ARD
86%
Johannes B. Kerner 11 Jahre ZDF
86%
maybrit illner | Berlin Mitte seit 1999 ZDF
86%
Britt - Der Talk 12 Jahre +seit 2022 Sat 1
82%
3 nach 9 seit 1974 Radio Bremen | NDR | HR3 | RBB
74%
Beckmann 15 Jahre ARD
73%
Arabella 10 Jahre Pro7
73%
Bärbel Schäfer 7 Jahre RTL
73%
Hans Meiser 9 Jahre RTL
73%
Vera am Mittag 9 Jahre Sat 1
71%
Kölner Treff 7 Jahre +seit 2006 WDR
71%
??? Talk Show seit 1979 NDR | ARD
68%
Andreas Türck 4 Jahre Pro7
68%
Inas Nacht seit 2007 NDR
67%
Sonja 4 Jahre Sat 1
62%
Der InternationaleFrühschoppen 35 Jahre +seit 2002 ARD | Phoenix |WDR
61%
Ilona Christen 6 Jahre RTL
61%
Schreinemakers Live 4 Jahre Sat 1
59%
Zimmer frei 20 Jahre WDR
55%
Nachtcafé seit 1987 SWR
50%
Riverboat seit 1992 MDR | RBB
48%
Blondes Gift 4 Jahre WDR | Sun TV | Pro7
47%
Aufgemerkt!Pelzig unterhält sich 11 Jahre ZDF
42%
Heut' abend 11 Jahre BR
36%
Pelzig hält sich 4 Jahre ZDF
36%
Keine übereinstimmenden Quizze gefunden
Verteilung der Resultate
Anzahl Personen mit jedem Resultat
Perzentil nach korrekt beantworteten Fragen
Ihre Resultats-Entwicklung
Sie haben dieses Quiz noch nicht gespielt